000 00488nam a2200217 454500
001 058041
003 BD-ChCU
008 Eng
020 _a8121924502
040 _aDLC
_cDLC
_dBD-ChCU
082 0 0 _a537.5/M498p
100 1 _aMehta, V.K
_bMehta, Rohit
245 1 0 _aPrinciples of electronics
_bx
250 _a9th
260 _aNew Delhi
_bS.Chand
_c2005
300 _axvi, 619
504 _aIncludes
650 0 _aElectronics
_bPhysics
700 1 _ax
942 _2ddc
_cBK
999 _c58041
_d58041